000 00259nam a22001217a 4500
008 181204b xxu||||| |||| 00| 0 eng d
041 _aeng
080 _a574
100 _a9
101 _aMJE
245 _aGeneral Ecology
_cNaughton,S.J.M
942 _2udc
_cBK
999 _c52767
_d52767